000 00224 a2200109 4500
020 _a9781368045759
041 _aspa
100 _aWILLEMS, Mo
245 _aUn tipo grande se llevo mi pelota
942 _cBK
952 _74
_xok
999 _c25964
_d25964